US States that Don't Contain the letter N - Statistics

General Stats
  • This quiz has been taken 162 times
  • The average score is 16 of 17
Answers on the Map
Answers color-coded by a green-red scale on the quiz's map according to % correct below.
 
Answer Stats
Answer % Correct
Texas
99%
Alaska
97%
Florida
97%
Alabama
95%
Ohio
95%
Delaware
94%
Hawaii
94%
Idaho
94%
Mississippi
94%
Georgia
92%
Missouri
92%
Utah
92%
Iowa
91%
Colorado
90%
Oklahoma
90%
South Dakota
90%
Massachusetts
81%
No matching quizzes found
Score Distribution
Percent of People with Each Score
Percentile by Number Answered
Your Score History
You have not taken this quiz